Flags with the most colors - Statistics

General Stats
  • This quiz has been taken 24 times
  • The average score is 4 of 10
Answer Stats
Answer % Correct
Spain
85%
South africa
70%
Belize
65%
Mexico
65%
Comoros
30%
Ecuador
30%
Fiji
30%
Eswatini
25%
Equatorial guinea
15%
South sudan
5%
No matching quizzes found
Score Distribution
Percent of People with Each Score
Percentile by Number Answered
Your Score History
You have not taken this quiz